5HLuxD.jpg

KING HENRY VIII SENIOR AND PRIMARY SCHOOL LIBRARY OPAC

The calculus story : (Record no. 316)

000 -LEADER
fixed length control field 02957cam a22004217i 4500
001 - CONTROL NUMBER
control field 19539729
003 - CONTROL NUMBER IDENTIFIER
control field OSt
005 - DATE AND TIME OF LATEST TRANSACTION
control field 20190806092627.0
008 - FIXED-LENGTH DATA ELEMENTS--GENERAL INFORMATION
fixed length control field 170303t20172017enka b 001 0 eng d
010 ## - LIBRARY OF CONGRESS CONTROL NUMBER
LC control number 2017935884
020 ## - INTERNATIONAL STANDARD BOOK NUMBER
International Standard Book Number 9780198804543
Qualifying information (hardcover)
020 ## - INTERNATIONAL STANDARD BOOK NUMBER
International Standard Book Number 0198804547
Qualifying information (hardcover)
035 ## - SYSTEM CONTROL NUMBER
System control number (OCoLC)ocn969982150
040 ## - CATALOGING SOURCE
Original cataloging agency ERASA
Language of cataloging eng
Transcribing agency ERASA
Description conventions rda
Modifying agency OCLCO
-- BDX
-- YDX
-- BTCTA
-- CHVBK
-- CDX
-- OCLCQ
-- OCLCO
-- OCLCF
-- VSC
-- SOI
-- GK8
-- IJ5
-- DLC
042 ## - AUTHENTICATION CODE
Authentication code lccopycat
082 04 - DEWEY DECIMAL CLASSIFICATION NUMBER
Classification number 515 ACH
Edition number 23
100 1# - MAIN ENTRY--PERSONAL NAME
Personal name Acheson, D. J.,
Relator term author.
245 14 - TITLE STATEMENT
Title The calculus story :
Remainder of title a mathematical adventure /
Statement of responsibility, etc. David Acheson.
250 ## - EDITION STATEMENT
Edition statement First edition.
264 #1 - PRODUCTION, PUBLICATION, DISTRIBUTION, MANUFACTURE, AND COPYRIGHT NOTICE
Place of production, publication, distribution, manufacture Oxford, United Kingdom :
Name of producer, publisher, distributor, manufacturer Oxford University Press,
Date of production, publication, distribution, manufacture, or copyright notice 2017.
264 #4 - PRODUCTION, PUBLICATION, DISTRIBUTION, MANUFACTURE, AND COPYRIGHT NOTICE
Date of production, publication, distribution, manufacture, or copyright notice ©2017
300 ## - PHYSICAL DESCRIPTION
Extent viii, 192 pages :
Other physical details illustrations ;
Dimensions 21 cm
336 ## - CONTENT TYPE
Content type term text
Content type code txt
Source rdacontent
337 ## - MEDIA TYPE
Media type term unmediated
Media type code n
Source rdamedia
338 ## - CARRIER TYPE
Carrier type term volume
Carrier type code nc
Source rdacarrier
504 ## - BIBLIOGRAPHY, ETC. NOTE
Bibliography, etc. note Includes bibliographical references (pages 183-186) and index.
505 0# - FORMATTED CONTENTS NOTE
Formatted contents note Introduction -- The spirit of mathematics -- Infinity -- How steep is a curve? -- Differentiation -- Greatest and least -- Playing with infinity -- Area and volume -- Infinite series -- 'Too much delight' -- Dynamics -- Newton and planetary motion -- Leibniz's paper of 1684 -- 'An enigma' -- Who invented calculus? -- Round in circles -- Pi and the odd numbers -- Calculus under attack -- Differential equations -- Calculus and the electric guitar -- The best of all possible worlds? -- The mysterious number e -- How to make a series -- Calculus with imaginary numbers -- Infinity bites back -- What is a limit, exactly? -- The equations of nature -- From calculus to chaos.
520 8# - SUMMARY, ETC.
Summary, etc. Calculus is the key to much of modern science and engineering. It is the mathematical method for the analysis of things that change, and since in the natural world we are surrounded by change, the development of calculus was a huge breakthrough in the history of mathematics. But it is also something of a mathematical adventure, largely because of the way infinity enters at virtually every twist and turn ... In The Calculus Story David Acheson presents a wide-ranging picture of calculus and its applications, from ancient Greece right up to the present day. Drawing on their original writings, he introduces the people who helped to build our understanding of calculus. With a step by step treatment, he demonstrates how to start doing calculus, from the very beginning.--
Assigning source Source other than Library of Congress.
650 #0 - SUBJECT ADDED ENTRY--TOPICAL TERM
Topical term or geographic name entry element Calculus.
650 #0 - SUBJECT ADDED ENTRY--TOPICAL TERM
Topical term or geographic name entry element Calculus
General subdivision History.
650 #7 - SUBJECT ADDED ENTRY--TOPICAL TERM
Topical term or geographic name entry element Calculus.
Source of heading or term fast
Authority record control number or standard number (OCoLC)fst00844119
650 #7 - SUBJECT ADDED ENTRY--TOPICAL TERM
Topical term or geographic name entry element Infinitesimalrechnung
Source of heading or term gnd
655 #7 - INDEX TERM--GENRE/FORM
Genre/form data or focus term History.
Source of term fast
Authority record control number or standard number (OCoLC)fst01411628
906 ## - LOCAL DATA ELEMENT F, LDF (RLIN)
a 7
b cbc
c copycat
d 2
e epcn
f 20
g y-gencatlg
942 ## - ADDED ENTRY ELEMENTS (KOHA)
Source of classification or shelving scheme
Koha item type Books - Non Ficton
Holdings
Withdrawn status Lost status Source of classification or shelving scheme Damaged status Not for loan Collection code Permanent Location Current Location Shelving location Date acquired Total Checkouts Total Renewals Full call number Barcode Date last seen Date last checked out Price effective from Koha item type
          Non-Fiction KH8 Senior School Library KH8 Senior School Library Non Fiction 2019-08-06 4 1 515 ACH 3KHSL000100047 2026-04-09 2026-03-18 2019-08-06 Books - Non Ficton
          Teaching Resources KH8 Senior School Library KH8 Senior School Library Staff Office 2023-10-02     515 ACH TRKHSL003934 2023-10-02   2023-10-02 Teaching Resources

Powered By KH8 IT Dept